| 000 | 00750nam a2200253Ia 4500 | ||
|---|---|---|---|
| 003 | OSt | ||
| 005 | 20221007080241.0 | ||
| 006 | a|||||r|||| 00| 0 | ||
| 007 | ta | ||
| 008 | 221006b |||||||| |||| 00| 0 eng d | ||
| 024 | _a2,830 | ||
| 037 | _cTextual | ||
| 040 |
_aFLL _cFLL _beng |
||
| 041 |
_2eng _aeng |
||
| 082 | _aZ3,2673, N0 | ||
| 100 |
_aPearson Hilary E. Au. _9694750 |
||
| 245 | 0 | _aCommercial exploitation of intellectual property | |
| 250 | _a1st | ||
| 260 |
_aNew Delhi _bUniversal Book Traders India _c1990 |
||
| 650 | _aIntellectual Property Law | ||
| 700 |
_a Miller Clifford G. Au. _9694751 |
||
| 942 |
_hZ3,2673, N0 _cTEXL _2CC |
||
| 999 |
_c1158847 _d1158847 |
||